=LDR 00000nam 2200000 4500 =001 INLIS000000000030624 =005 20130612132742 =008 ***********************************ind** =035 ##$$0010-061300000030624 =041 ##$$a ind =082 ##$$a 2x5.1 =090 ##$$a 2x5.1, Alj q =100 ##$$a Al-Jam'an, Samar =245 ##$$a Asrar wa' ajalbish shadaqah. Quantun sedekah, mekjitkan semangat bersedekah agar hidup anda penuh berkah, oleh Samar Al- Jam'ah; penerjemah, Joko Abu Afifah dan Muhammad Albani; editor, Tim editor shafa publishing =260 ##$$a 2009 $b Surakarta =300 ##$$a 141 hlm, 18 cm =650 ##$$a AKHLAK =850 ##$$a NBPNMAT